Faust / (Record no. 102696)
[ view plain ]
| 000 -LEADER | |
|---|---|
| campo de control de longitud fija | 01067nam a2200241 i 4500 |
| 001 - NÚMERO DE CONTROL | |
| campo de control | 102696 |
| 003 - IDENTIFICADOR DE NÚMERO DE CONTROL | |
| campo de control | ES-MaACL |
| 005 - FECHA Y HORA DE LA ÚLTIMA TRANSACCIÓN | |
| campo de control | 20250928122758.0 |
| 007 - CAMPO FIJO DE DESCRIPCIÓN FÍSICA--INFORMACIÓN GENERAL | |
| campo de control de longitud fija | t| |
| 008 - DATOS DE LONGITUD FIJA--INFORMACIÓN GENERAL | |
| campo de control de longitud fija | 051128s1878 fr fa ||||1| fre d |
| 080 ## - NÚMERO DE LA CLASIFICACIÓN DECIMAL UNIVERSAL | |
| Número de la Clasificación Decimal Universal | 821.112.2-23"17" |
| 100 1# - ENTRADA PRINCIPAL--NOMBRE DE PERSONA | |
| Nombre de persona | Goethe, Johann Wolfgang von, |
| Fechas asociadas al nombre | 1749-1832 |
| 9 (RLIN) | 57568 |
| 245 10 - MENCIÓN DEL TÍTULO | |
| Título | Faust / |
| Mención de responsabilidad, etc. | Goethe ; traduction de J. Porchat ; revue par B. Lévy ; [les compositions de cette édition de Faust ont été dessinées par M. Liezen Mayer ; les ornaments du texte encadrements et culs-de-lampe ont été dessinés par M.R. Seitz]. |
| 260 ## - PUBLICACIÓN, DISTRIBUCIÓN, ETC. | |
| Lugar de publicación, distribución, etc. | Paris : |
| Nombre del editor, distribuidor, etc. | Hachette [et] Cie, |
| Fecha de publicación, distribución, etc. | 1878. |
| 300 ## - DESCRIPCIÓN FÍSICA | |
| Extensión | 191 p., [13] h. : |
| Otras características físicas | il. ; |
| Dimensiones | 50 cm. |
| 599 ## - NOTA A LAS ILUSTRACIONES | |
| NOTA A LAS ILUSTRACIONES | H. de grab. calc. firmados: A. Liezen-Mayer como dibujante, y Fr. Ludy, G. Goldberg, J. Bankel, E. Forberg y J. F. Deininger como grabadores. |
| 700 0# - ENTRADA AGREGADA--NOMBRE PERSONAL | |
| Nombre de persona | Porchat, Jacques, |
| Fechas asociadas al nombre | 1800-1864 |
| 9 (RLIN) | 93119 |
| 700 1# - ENTRADA AGREGADA--NOMBRE PERSONAL | |
| Nombre de persona | Lévy, Benjamin. |
| 9 (RLIN) | 71995 |
| 700 1# - ENTRADA AGREGADA--NOMBRE PERSONAL | |
| Nombre de persona | Liezen-Mayer, Alexander von, |
| Fechas asociadas al nombre | 1839-1898 |
| 9 (RLIN) | 128952 |
| 700 1# - ENTRADA AGREGADA--NOMBRE PERSONAL | |
| Nombre de persona | Seitz, R. |
| 9 (RLIN) | 105274 |
| 852 ## - LOCALIZACIÓN | |
| Ubicación | ES-MaACL |
| Número de control de estantería | GF-26 |
| Estatus retirado | Estado de pérdida | Estado de daño | No para préstamo | Colección | Biblioteca de origen | Biblioteca actual | Ubicación en estantería | Fecha de adquisición | Fuente de adquisición | Total de préstamos | Signatura topográfica completa | Código de barras | Visto por última vez | Precio de reemplazo | Tipo de ítem Koha |
|---|---|---|---|---|---|---|---|---|---|---|---|---|---|---|---|
| Libros del s. XIX | Biblioteca del Ateneo de Madrid | Biblioteca del Ateneo de Madrid | Depósito 2 | 17/01/2008 | GF-26 | 1107203 | 23/02/2023 | 23/02/2023 | Libro impreso antiguo |
